[Event "Jermuk FIDE GP"]
[Site "Jermuk"]
[Date "2009.08.11"]
[Round "3"]
[White "Kasimdzhanov, Rustam"]
[Black "Jakovenko, Dmitrij"]
[Result "1/2-1/2"]
[WhiteElo "2672"]
[BlackElo "2760"]
[Annotator "Krasenkow,M"]
[PlyCount "102"]
[EventDate "2009.08.09"]
[EventType "tourn"]
[EventRounds "13"]
[EventCountry "ARM"]
[EventCategory "19"]
[SourceTitle "CBM 132"]
[Source "ChessBase"]
[SourceDate "2009.09.16"]
[SourceVersion "1"]
[SourceVersionDate "2009.09.16"]
[SourceQuality "1"]

1. d4 d5 2. c4 e6 3. Nf3 Nf6 4. Nc3 Be7 5. Bf4 O-O 6. e3 Nbd7 7. c5 c6 8. h3 b6
9. b4 a5 10. a3 Bb7 {[%mdl 32] A quiet continuation, instead of} (10... Ba6 {
. which after} 11. Bxa6 Rxa6 12. b5 $1 {leads to very complicated, deeply
analysed variations.}) 11. Bd3 Qc8 ({The straightforward} 11... axb4 12. axb4
Rxa1 13. Qxa1 Qa8 14. O-O Qxa1 15. Rxa1 Ra8 {runs into} 16. Rxa8+ Bxa8 17. Ba6
$1 {paralysing the black bishop, e.g.} Bd8 18. Bc8 Kf8 19. Na4 bxc5 20. dxc5
Ke8 21. Ne5 g6 22. Kf1 Nxe5 23. Bxe5 Nd7 24. Bd6 {1-0 Burnier,D (2320)
-Vuilleumier,A (2402)/Lausanne 2006/CBM 114 ext - a picturesque zugzwang!}) 12.
O-O (12. Rc1 {, renewing the possibility of b4-b5 and c5-c6 (in the event of ..
.Bb7-a6), is an interesting but insufficient alternative as Black gives up a
piece for 3 pawns and obtains an excellent position:} axb4 (12... Ba6 $5 13. b5
cxb5 14. c6 Qxc6 $1 15. Ne4 (15. Ne2 Nc5 $13) 15... dxe4 16. Rxc6 exd3 $44 {
G.Vescovi}) 13. axb4 Ba6 $1 (13... bxc5 14. bxc5 Ra3 15. O-O Ba6 16. Bxa6 Qxa6
17. Qc2 Ra8 18. Qb2 Ra7 19. Rb1 h6 20. Rfc1 Bd8 21. Ne1 Ne4 22. Nxe4 dxe4 23.
Nc2 Ra2 24. Qb3 Qe2 25. Bg3 $14 {1-0 Carlsen,M (2543)-Ostenstad,B (2488)/Moss
2005/EXT 2007 (32)}) (13... Ra3 14. Qe2 Qa8 15. Qb2 Ra7 16. O-O Rc8 17. Ra1 Ba6
18. b5 cxb5 19. c6 Qxc6 20. Nxb5 Raa8 21. Rfc1 $16 {1-0 Flumbort,A (2467)-Buss,
R (2267)/Zug 2003/CBM 096 ext (31)}) 14. b5 cxb5 $1 15. c6 Qxc6 16. Ne4 Nc5 (
16... dxe4 {is now less favourable than without ...axb4 axb4}) 17. Nxf6+ Bxf6
18. dxc5 bxc5 19. Ne5 (19. Qc2 b4 20. Bxh7+ Kh8 21. Ne5 Qb7 $1 $36 {[%csl Gb4,
Gc5,Re1]}) 19... Qc7 20. Ng4 Qa5+ 21. Qd2 Qxd2+ 22. Kxd2 Be7 23. Ne5 c4 24. Be2
Bb7 25. Ra1 Rfd8 26. Nf3 f6 27. Bc7 Rdc8 $17 {0-1 Milos,G (2563)-Vescovi,G 
(2619)/Sao Paulo 2006/CBM 114 ext (34)}) 12... Ba6 13. Qc2 (13. Rb1 Bxd3 14.
Qxd3 axb4 15. axb4 Qb7 16. Rfc1 Rfc8 {An unnecessary loss of tempo. The
immediate 16...Ra6 is more exact. Ein unnötiger Tempoverlust, genauer ist das
sofortige 16...Ra6.} (16... Ra6 17. b5 cxb5 18. Qxb5 Qa8 $11 19. c6 $140 $2 Ra5
{R.Dautov}) 17. Qc2 h6 18. Ne1 $1 {Van Wely follows the well-known plan,
recently demonstrated in the game Ponomariov-Vallejo Pons. Van Wely folgt dem
bekannten Plan, der zuletzt in der Partie Ponomariov-Vallejo Pons demonstriert
wurde.} Bd8 19. Nd3 b5 20. g4 Ra6 21. f3 Rca8 (21... Bc7 $5) 22. h4 Nh7 23. Qh2
Ndf8 $13 {1-0 Van Wely,L (2654)-Halkias,S (2546)/Plovdiv 2003/CBM 098/[Dautov]
(57)}) (13. Ne5 Nxe5 14. Bxe5 Nd7 15. Bg3 f5 16. Ne2 Re8 17. Nf4 Bf6 (17... Bd8
$5 {[%cal Yd8c7]}) 18. Qc2 axb4 19. axb4 Bxd3 20. Nxd3 Qb7 21. Bd6 g6 22. Ne5
b5 23. f3 Rec8 $6 (23... Nxe5 24. dxe5 Bg5 $13 25. e4 $140 $6 dxe4 26. fxe4
Be3+ 27. Kh2 f4) 24. e4 Nxe5 25. dxe5 Bd8 $6 (25... Bg5) 26. Qd2 $36 {1-0
Krasenkow,M (2661)-Granda Zuniga,J (2612)/Lugo 2007/CBM 119 (36)}) 13... Bxd3
14. Qxd3 Qb7 15. Rfc1 (15. Rab1 $5 axb4 16. axb4 Ra3 17. Qc2 b5 {led to a
typical position, in which Black's queenside counterplay is contained, and
White can develop an initiative in the centre and on the kingside; however, it
is not an easy task. In the following game White finally outplayed a weaker
opponent but the position was not clear:} 18. Nd2 Rfa8 19. Nb3 Bd8 20. f3 Nf8
21. g4 Ng6 22. Bg3 Nd7 23. Qh2 e5 24. f4 exd4 25. exd4 f5 26. g5 Bc7 27. Qe2
Ngf8 28. Rfe1 Qb8 29. Qf3 Ng6 30. Ne2 R3a4 31. Nbc1 Ra3 32. Nd3 Ndf8 $13 {
1-0 Shengelia,D (2421)-Ataman,A (2156)/Kocaeli 2002/CBM 089 ext (44)}) {
In the present game White leaves his rook on a1 and agrees to exchange both
pairs of rooks. This restricts both Black's counterplay along the a-file and
White's attacking possibilities. However, practice has seen several remarkable
victories of White in such positions (which arise in different lines of this
system).} 15... axb4 16. axb4 Rxa1 17. Rxa1 Ra8 18. Qb1 Rxa1 19. Qxa1 Bd8 20.
Qa4 b5 21. Qa2 Ne8 22. Ne1 g5 23. Bh2 Bc7 {A typical exchange of White's
active bishop.} 24. Nd3 Bxh2+ 25. Kxh2 f6 26. Kg1 Kf7 27. e4 $1 {White must
open up the position.} dxe4 28. Nxe4 Nf8 29. f4 $1 gxf4 30. Nxf4 Ke7 31. Nh5
Nd7 32. Nf4 Nf8 33. Nh5 Nd7 34. g4 $1 {Another pawn joins the attack.} Qb8 35.
Kg2 Nc7 36. Nc3 $6 {A bit too passive. It was better to bring the h5- knight
to control the d5-square:} (36. Nf4 $1 Qa8 37. Qf2 $36 {[%cal Yf2h4,Yg4g5]})
36... Qa8 37. Qc2 Qg8 38. Nf4 f5 $1 39. Qe2 fxg4 40. d5 {This break doesn't
bring White any real benefit.} cxd5 41. Ncxd5+ Nxd5 42. Nxd5+ Kf7 ({Or} 42...
Kf8 43. Nc7 gxh3+ 44. Kxh3 e5 45. Nxb5 Qd5 $132) 43. Qf2+ (43. Qxb5 {was more
active but hardly enough for a real advantage, e.g.} Qd8 44. Nf4 (44. Ne3 gxh3+
45. Kxh3 Nf6 {[%cal Yd8d2]} 46. Qb7+ Ke8 $1) 44... Ne5 45. Qb7+ Ke8 $1 46. Kg3
$1 gxh3 {[%cal Rd8g5]} 47. Qg7 Nf7 48. Qg8+ Ke7 49. Qxh7 Qd4 50. Ng6+ Kf6 51.
Qh4+ Qxh4+ 52. Nxh4 Ke5 $11) 43... Ke8 44. Nc7+ Kd8 45. Nxb5 gxh3+ 46. Kxh3 Qg5
47. Qh4 {White could hardly avoid the exchange of queens anyway, and the
knight endgame is drawn despite White's connected passed pawns.} (47. Qd4 Qe5
$1) 47... Qxh4+ 48. Kxh4 Ne5 49. Nd4 Nd3 50. Nxe6+ Ke7 51. Ng5 Nxb4 1/2-1/2

[Event "Olympiad-40"]
[Site "Istanbul"]
[Date "2012.09.04"]
[Round "7.1"]
[White "Topalov, Veselin"]
[Black "Giri, Anish"]
[Result "1-0"]
[WhiteElo "2752"]
[BlackElo "2711"]
[Annotator "Krasenkow,M"]
[PlyCount "95"]
[EventDate "2012.08.28"]
[EventType "team-swiss"]
[EventRounds "11"]
[EventCountry "TUR"]
[SourceTitle "CBM 151"]
[Source "ChessBase"]
[SourceDate "2012.11.13"]
[SourceVersion "1"]
[SourceVersionDate "2012.11.13"]
[SourceQuality "1"]
[WhiteTeam "Bulgaria"]
[BlackTeam "Netherlands"]
[WhiteTeamCountry "BUL"]
[BlackTeamCountry "NED"]

1. Nf3 d5 2. d4 Nf6 3. c4 e6 4. Nc3 Be7 5. Bf4 O-O 6. e3 Nbd7 7. c5 Ne4 {
This rare continuation will hardly gain new adherents.} 8. Qc2 (8. Bd3 f5 9.
Bxe4 (9. Ne5 Bf6 10. Nxd7 Bxd7 11. O-O g5 12. Bxe4 gxf4 13. Bd3 fxe3 14. fxe3
Kh8 15. Ne2 c6 16. Kh1 Qe7 17. Qb3 Rab8 18. Qa4 a6 19. Qa5 Bg5 20. Qc7 Rfc8 21.
Qg3 Rg8 $132 {0-1 Amanov,M (2516)-Topalov,V (2752)/Istanbul TUR 2012/The Week
in Chess 931 (56)}) 9... fxe4 10. Ne5 Nxe5 11. Bxe5 b6 12. b4 a5 13. a3 bxc5
14. bxc5 Rf5 15. Bg3 Bh4 16. Qa4 Bd7 17. Qc2 Qg5 $13 {1/2 Esen,B (2587)
-Ganguly,S (2629)/Vlissingen NED 2012/The Week in Chess 927 (27)}) (8. Nxe4
dxe4 9. Ne5 (9. Nd2 e5 10. Bxe5 Nxe5 11. dxe5 Qd5 12. Qc2 Rd8 13. Bc4 Qxe5 14.
Rc1 Bf5 $15 {1/2 Socko,M (2490)-Halkias,S (2600)/Kavala 2011/CBM 143 Extra (27)
}) 9... Nxe5 10. Bxe5 b6 11. b4 f6 12. Bg3 a5 13. a3 axb4 14. axb4 Rxa1 15.
Qxa1 Qd5 16. Be2 bxc5 17. bxc5 e5 18. dxe5 f5 19. O-O Be6 20. Rc1 Ra8 21. Qc3 (
21. Qb1 Qd2 22. Bc4 Bxc4 23. Rxc4 Qd3 24. Rc1 Qxb1 25. Rxb1 Bxc5 $11 {1/2
Lenic,L (2633)-Grachev,B (2672)/Muelheim GER 2012/The Week in Chess 937 (28)})
21... Ra2 22. Bf1 Rd2 23. h3 Rd1 {1/2 Gagunashvili,M (2577)-Halkias,S (2593)/
Porto Carras 2011/EXT 2012}) (8. Rc1 c6 9. Nxe4 dxe4 10. Ne5 Nxe5 11. Bxe5 b6
12. Qa4 bxc5 13. dxc5 Qd5 14. Bd4 Bd7 15. Be2 Qf5 16. O-O e5 17. Bc3 Bxc5 18.
Qa5 Bb6 19. Qxe5 Qxe5 20. Bxe5 Rfe8 21. Rfd1 Be6 22. Rxc6 Bxa2 $11 {1/2 Ding
Liren (2702)-So,W (2677)/St Louis USA 2012/The Week in Chess 936 (46)}) (8. h4
$5 Nxc3 9. bxc3 c6 10. Bd3 f5 11. g4 fxg4 12. Ng5 Nf6 13. Qc2 h6 14. Bh7+ Kh8
15. Bg6 {1-0 Bellaiche,A (2435)-Reshetov,V (2126)/St Petersburg 2009/CBM 132
Extra (24)} b6 $132) 8... f5 (8... g5 {is crucial:} 9. Bg3 f5 10. Nxe4 (10. h3
$6 Nxg3 11. fxg3 Nf6 12. Bd3 (12. Nxg5 Nh5 $1) 12... Ne4 13. g4 Ng3 14. Rh2 c6
$15 {1-0 Forintos Gy-Csom I/Magyarorszag Inf.7/479 1969/[Florian,T] (39)}) (10.
Bd3 $5) 10... dxe4 11. Nd2 f4 12. Bc4 (12. Nxe4 Rf7 13. O-O-O Nf8 14. Be2 fxg3
15. hxg3 Bd7 16. d5 exd5 17. Rxd5 c6 $13 {1/2 Lenderman,A (2525)-Sarkar,J 
(2376)/Orlando 2011/CBM 143 Extra (38)}) 12... fxg3 13. hxg3 Qe8 $1 (13... Rf6
14. Qxe4 Nf8 15. Nf3 Rg6 16. Ne5 Rg7 17. O-O-O $16 {1-0 Ehlvest,J (2627)-Saidy,
A (2376)/Los Angeles 2000/EXT 2001 (25)}) 14. Nxe4 Qg6 15. Bd3 Qg7 16. f4 $44)
9. Bd3 (9. Ne5 Bf6 10. Nxd7 Bxd7 11. f3 Ng5 12. Bxg5 Bxg5 13. f4 Bf6 14. b4 g5
15. g3 Kh8 16. Be2 Rg8 $11 {1/2 Fressinet,L (2714)-Ponomariov,R (2734)/
Istanbul TUR 2012/The Week in Chess 931 (30)}) (9. h3 {is too slow:} c6 10. Bd3
(10. Be2 Bf6 11. g4 $6 b6 12. cxb6 axb6 13. Rg1 Ba6 14. Bxa6 Rxa6 $15 {0-1
Kazimova,N (2209)-Batsiashvili,N (2434)/Baku AZE 2012 (28)}) 10... Bf6 11. g4
b6 12. cxb6 Qxb6 13. g5 Be7 14. g6 hxg6 15. Rg1 Kh7 16. h4 c5 17. Qe2 a5 18. h5
gxh5 19. Ne5 Ndf6 $17 {0-1 Blanco Gramajo,C (2577)-Gerbich,V (2477)/Rochade
5171-Jub15 bd03 2005/CBM 118 (50)}) 9... c6 (9... g5 $5 10. Bg3 c6 {needs
checking, e.g.} 11. Ne2 $5) 10. Ne5 Bf6 11. Nxd7 Bxd7 12. f3 Ng5 13. Bxg5 {
White leads to a closed setup like in Fressinet-Ponomariov.} (13. Bd6 Re8 14.
f4 Nf7 15. Be5 Bxe5 16. fxe5 b6 $132 {0-1 Krivobokov,S-Goltsov,D/Tula 2002/EXT
2010 (30)}) 13... Bxg5 14. f4 Be7 15. a3 b6 16. b4 g5 17. g3 Kh8 18. Be2 gxf4 {
There was no need to open the g-file at once.} (18... Rg8 $11) 19. gxf4 Rg8 20.
Kd2 Qf8 21. Rag1 bxc5 $6 {And the opening of the b-file is wrong. It will
serve White.} (21... Rg6 $5) 22. bxc5 Rb8 23. Rb1 $6 {It was probably better
to trade both pairs of rooks:} (23. Rxg8+ Qxg8 24. Rb1 {Still, breaking down
Black's defence would be very difficult for White.}) 23... Rxb1 24. Rxb1 e5 $1
{The right reaction.} (24... Rg2 {is senseless. White's queenside attack after}
25. Qa4 {comes first.}) 25. dxe5 $6 (25. fxe5 f4 $1 $40) (25. Rb7 {was logical.
The position remained dynamically balanced.}) 25... Bxc5 26. Rb7 Bc8 27. Rb8 d4
$6 (27... Bb6 $142 {[%cal Yb6c7,Yf8h6] with an excellent position for Black})
28. exd4 Qh6 (28... Bxd4 $142 29. Ba6 Be3+ $3 (29... Qh6 30. Rxc8 Qxf4+ 31. Kd3
Qe3+ 32. Kc4 {, and White's king escapes}) 30. Kxe3 Qc5+ 31. Kf3 Bxa6 32. Rxg8+
Kxg8 33. Qd2 $14) 29. Qa4 $1 {[%mdl 64] Black probably missed this strong move.
} (29. dxc5 $4 Qxf4+ $19) 29... Bb6 (29... Qxf4+ 30. Kc2 Qxd4 (30... Bxd4 31.
Qxc6 $18) 31. Qxc6 $18) 30. Kc2 Be6 31. Rb7 (31. Rxg8+ Bxg8 32. h3 $1 $18)
31... Qxf4 32. Rxb6 $1 axb6 33. Qxc6 Rg6 34. d5 Bg8 $6 (34... Qxe5 {may be a
relatively better choice. White's strong connected pawns are quite worth a
piece.}) 35. e6 Qe5 36. Qxb6 Rg2 37. Kd3 $1 Rxh2 38. Qd4 {The endgame is
clearly winning for White. His king will support his pawns.} Rh3+ 39. Kc4 Qxd4+
40. Kxd4 {[%mdl 4096]} Kg7 41. e7 Bf7 42. d6 Rh4+ (42... Be8 43. Bb5) 43. Ke5
Be8 44. Bb5 Bxb5 45. Nxb5 Kf7 46. Nc7 Re4+ 47. Kxf5 Re1 48. a4 1-0

[Event "FIDE World Cup"]
[Site "Baku"]
[Date "2015.09.18"]
[Round "3.2"]
[White "Wojtaszek, Radoslaw"]
[Black "Granda Zuniga, Julio E"]
[Result "1-0"]
[WhiteElo "2741"]
[BlackElo "2667"]
[Annotator "Krasenkow,M"]
[PlyCount "69"]
[EventDate "2015.09.11"]
[EventType "k.o."]
[EventRounds "7"]
[EventCountry "AZE"]
[SourceTitle "CBM 169"]
[Source "ChessBase"]
[SourceDate "2015.11.10"]
[SourceVersion "1"]
[SourceVersionDate "2015.11.10"]
[SourceQuality "1"]

1. d4 Nf6 2. c4 e6 3. Nf3 d5 4. Nc3 Be7 5. Bf4 O-O 6. e3 Nbd7 7. Be2 dxc4 8.
O-O ({M.Marin: The idea of the last move is to avoid exposing the king's
bishop to ...Nb6 in view of White's intention to meet ...c5 with d4-d5:} 8.
Bxc4 a6 9. a4 c5 10. d5 $2 ({of course, White has other options like} 10. O-O)
({or} 10. dxc5 {- MK}) 10... Nb6) 8... a6 (8... c5 9. dxc5 Nxc5 10. Bxc4 {
- see Kasimdzhanov-Topalov in CBM 151.}) 9. a4 Nh5 $146 {Hardly a good novelty.
} (9... c5 {is quite possible:} 10. d5 $5 {(a relatively new idea but not too
dangerous)} (10. Bxc4 cxd4 11. Qxd4 Nb6 12. Bb3 Qxd4 13. Nxd4 Bd7 14. a5 Nbd5
15. Nxd5 Nxd5 16. Bg3 Bf6 17. Rfd1 Rfd8 18. e4 Nb4 19. Bc7 Rdc8 20. Bb6 Be8 21.
Nxe6 fxe6 22. Bxe6+ Kf8 23. Bxc8 Rxc8 $13 {0-1 (42) Tregubov,P (2608)-Fridman,
D (2629) Baden-Baden 2013}) (10. dxc5 {is less dangerous for Black than in the
position without ...a7-a6 a2-a4 as he has the perfect b4-square at his
disposal:} Nxc5 11. Bxc4 Bd7 (11... Nce4 12. Nxe4 Nxe4 13. Qc2 Nf6 14. Rfd1 Qa5
{1/2 (43) Smirnov,A (2440)-Solomon,S (2365) Cammeray 2015} 15. Qb3 $14) (11...
Qa5 $5 12. Qe2 Bd7 $1 (12... Rd8 13. e4 Bd7 14. Rfb1 Qb4 15. Bd2 Be8 16. e5
Rxd2 17. Nxd2 Nfd7 18. a5 {1-0 (18) Kveinys,A (2512)-Kalvaitis,S (2258)
Vilnius 2012}) 13. e4 $140 Bc6 $132) 12. Ne5 (12. Qc2 $5 {[%cal Rb2b4,Yf3e5,
Ye5f3]}) 12... Rc8 13. Nxd7 Ncxd7 14. Be2 Qb6 15. Qb1 Bb4 16. Bf3 Rfe8 17. Bg3
Nc5 $11 {1-0 (72) Atalik,E (2458)-Zatonskih,A (2512) Mamaia 2012}) 10... Nxd5
11. Nxd5 exd5 12. Qxd5 Nf6 (12... Nb6 $2 13. Qxd8 Bxd8 (13... Rxd8 $2 14. Bc7 {
, exploiting the insertion of ...a7-a6 a2-a4}) 14. Bd6 Re8 15. Bxc5 $16) 13.
Qe5 $5 (13. Qxd8 Rxd8 14. Bxc4 Nd5 15. Be5 Be6 16. Rfc1 f6 17. Bg3 Kf7 18. Kf1
Nb4 19. Ke2 Bxc4+ 20. Rxc4 b5 21. Rc3 c4 $36 {0-1 (54) Pashikian,A (2618)
-Kanmazalp,O (2389) Plovdiv 2012}) (13. Qxc4 Be6 14. Qc2 Qb6 15. a5 Qb3 16.
Qxb3 Bxb3 17. Nd2 Be6 18. e4 Rad8 19. Rfc1 {1/2 (56) Vachier Lagrave,M (2722)
-Jakovenko,D (2734) Loo 2013} Rd4 20. f3 Rfd8 $132) 13... Re8 (13... Ng4 14.
Qc3 Be6 15. Bxc4 Bf6 16. Qb3 Bxc4 17. Qxc4 Qe7 18. Rad1 $14 {1/2 (34) Gupta,A 
(2606)-Neverov,V (2519) New Delhi 2014}) (13... Qe8 14. Bxc4 Bd7 15. a5 Bc6 16.
b3 Ne4 17. Qb2 Nd6 18. Bd3 Bb5 19. Rfd1 Bxd3 20. Rxd3 Nb5 21. Rad1 Rd8 22. Qc2
$14 {1/2 (67) Gelfand,B (2748)-Kasimdzhanov,R (2706) Baku 2014 CBM 163 [Marin,
M]}) (13... Bd7 {(recommended by M.Marin)} 14. Rfd1 Qe8 15. Nd2 $5) (13... Be6
$5 14. Ng5 Bd7 15. Bxc4 {1-0 (48) Gonzalez Garcia,J (2497)-Capo Vidal,U (2319)
Mexico City 2012} Bc6 $13) 14. Bxc4 Bf8 15. Qc3 Be6 16. Rfd1 (16. Bxe6 Rxe6 17.
Rfd1 Qe7) 16... Qe7 17. Bxe6 Qxe6 18. Ng5 Qc6 19. Qc4 Re7 20. Rd6 Qe8 $13 {
[%cal Rh7h6]} 21. Qc2 $2 Rxe3 $1 $17 {1/2 (67) Grandelius,N (2628)-Kravtsiv,M 
(2599) Abu Dhabi UAE 2015}) ({Other options:} 9... Bd6 10. Bg5 h6 11. Bh4 b6
12. Bxc4 (12. Nd2 $5 {[%cal Yd2c4]}) 12... Bb7 13. Qe2 c5 14. d5 exd5 15. Nxd5
g5 $1 16. Bg3 Bxg3 17. Nxf6+ Qxf6 18. hxg3 Rfd8 19. Rad1 Kg7 20. Bd5 Bxd5 21.
Rxd5 Nf8 22. Rfd1 Ne6 23. e4 $14 {1/2 (33) So,W (2755)-Zhou,J (2580) Las Vegas
2014}) (9... b6 $5 10. Nd2 ({with Black's bishop on e7 and not on d6,} 10. Bxc4
Bb7 11. Qe2 {looks more sensful}) 10... Bb7 11. Nxc4 Nd5 12. Bg3 N7f6 13. Qb3
Nxc3 14. bxc3 Ne4 15. Bf4 g5 16. Be5 f6 17. Bg3 Qd5 18. f3 Nxg3 19. hxg3 b5 20.
Na5 Qxb3 21. Nxb3 Bc6 $11 {1/2 (180) Gupta,A (2662)-Vaibhav,S (2494) Kolkata
2012}) (9... Nd5 10. Bxc4 (10. Bg3 b6 11. Bxc4 Nxc3 12. bxc3 Bb7 13. Bd3 Bd6
14. Qc2 h6 15. Bh7+ Kh8 16. Be4 Bxe4 17. Qxe4 Nf6 18. Qd3 Bxg3 19. hxg3 c5 $11
{1/2 (65) Navara,D (2734)-Ivanchuk,V (2726) Berlin GER 2015}) 10... Nxf4 11.
exf4 {- game}) 10. Bxc4 Nxf4 11. exf4 {[%mdl 32] This is a typical position in
which White has a damaged pawn structure but controls the e-file and the
e5-square; moreover, undermining with f4-f5 becomes a potential threat.
Practice, since the classic games Alekhine - Rubinstein and Rubinstein - Canal,
has proven that Black's task is not easy.} c6 (11... c5 12. d5 Nb6 13. Ba2 {
keeping pressure.}) 12. Qe2 Qa5 13. Bb3 Rd8 14. Rfd1 g6 {Eliminating the f4-f5
threat but inviting h2-h4-h5.} 15. Ne4 Nf6 16. Neg5 Nd5 17. g3 Bd7 18. h4 $1 {
[%mdl 128]} h5 $6 {The weakening of dark squares boosts White's attack.} (18...
f6 {is realatively better but doesn't solve Black's problems after} 19. Ne4 {
[%cal Yh4h5]} ({but not} 19. Nxe6 $2 Re8)) 19. Ne5 Be8 20. Qf3 Bf8 21. g4 $5
hxg4 22. Nxg4 Bg7 $6 (22... Be7 $5 {was more stubborn but hardly helpful, too,
after} 23. Ne5 {[%cal Yh4h5]} ({rather than} 23. h5 Nxf4) {e.g.} 23... Nf6 24.
f5 gxf5 25. Nxe6 fxe6 26. Qxf5) 23. h5 $1 gxh5 24. Ne5 {Black is helpless. If
necessary, White's rook will join his attack via d3.} Nf6 25. f5 $1 Rxd4 26.
Rxd4 $2 {After this obvious but wrong move the position becomes less clear
although White keeps an attack.} (26. fxe6 $1 Qxe5 27. exf7+ Bxf7 28. Nxf7 Qf4
$1 29. Ne5+ Kh7 30. Rxd4 Qxe5 $8 31. Rad1 $18) 26... Qxe5 27. Rad1 Nd5 (27...
Kf8 28. Rf4 $1 Bh6 29. Qg3 $36) 28. Bc2 exf5 (28... Bh6 $5 {forcing} 29. Nh3 (
29. Qxh5 Qg7)) 29. Qxh5 Nf4 $2 {This nervous move helps White to break through.
} (29... Qf6 $142 $1 30. Qh7+ (30. Bb3 Qg6 31. Qxg6 fxg6 {with good drawing
chances in the endgame.}) 30... Kf8 31. Qh4 Kg8 32. R4d3 Bd7 33. Rg3 Re8 {
tenaciously defending.}) 30. Qh7+ Kf8 31. Nf3 $1 Qe2 $2 (31... Qc7 $8 {
although after} 32. R4d2 {Black's position is very bad.}) 32. Rxf4 Qxc2 33. Rd2
Qb1+ (33... Qc1+ 34. Kg2 Rd8 35. Rxd8 Qxf4 36. Rxe8+ Kxe8 37. Qxg7 {, and
White should win.}) 34. Kg2 c5 35. Rxf5 1-0